000 00692nam a2200205 a 4500
001 000013177
005 20240412074238.0
008 091120t1986 dr r 001 j spa d
040 _aDO-SdBNP
_bspa
_cBNPHU
082 _aRD863.44
_bC266t
100 1 _aCárdenas, Luis,
_d1954-
_930259
245 1 0 _aTras las joyas de la condesa :
_by otros cuentos /
_cLuis Cárdenas.
260 _aSanto Domingo :
_bAlfa & Omega,
_c1986.
300 _a151 p. ;
_c22 cm.
500 _aIncluye datos biográficos del autor en la contracubierta.
590 _aInventariado, 2018/BT
650 0 _aCuentos dominicanos
_9176
650 0 _aLiteratura dominicana.
_967
910 _aValidado. Control de calidad. EMS
999 _c12816
_d12816